Catálogo

Historia del derecho mexicano / (Registro nro. 54000)

Detalles MARC
000 -LEADER
fixed length control field 00731nam a2200229 a 4500
001 - CONTROL NUMBER
control field 54000
005 - DATE AND TIME OF LATEST TRANSACTION
control field 20180714044551.0
008 - FIXED-LENGTH DATA ELEMENTS--GENERAL INFORMATION
fixed length control field 140415s2010 mx r 000 0 spa d
020 ## - INTERNATIONAL STANDARD BOOK NUMBER
International Standard Book Number 9789706139108
041 ## - LANGUAGE CODE
Language code of text/sound track or separate title spa
082 0# - DEWEY DECIMAL CLASSIFICATION NUMBER
Classification number 349.72
Item number PER
100 1# - MAIN ENTRY--PERSONAL NAME
Personal name Pérez de los Reyes, Marco Antonio,
Relator term autor
245 10 - TITLE STATEMENT
Title Historia del derecho mexicano /
Statement of responsibility, etc. Marco Antonio Pérez de los Reyes.
250 ## - EDITION STATEMENT
Edition statement Primera edición.
264 #1 - PRODUCTION, PUBLICATION, DISTRIBUTION, MANUFACTURE, AND COPYRIGHT NOTICE
Place of production, publication, distribution, manufacture México :
Name of producer, publisher, distributor, manufacturer Oxford University Press,
Date of production, publication, distribution, manufacture, or copyright notice 2010
300 ## - PHYSICAL DESCRIPTION
Extent 696 páginas ;
Dimensions 23 cm.
336 ## - CONTENT TYPE
Content type term texto
Source rdacontent
337 ## - MEDIA TYPE
Media type term sin mediación
Source rdamedia
338 ## - CARRIER TYPE
Carrier type term volumen
Source rdacarrier
490 0# - SERIES STATEMENT
Series statement Textos Jurídicos Universitarios
650 #0 - SUBJECT ADDED ENTRY--TOPICAL TERM
Topical term or geographic name entry element Derecho
Geographic subdivision México
General subdivision Historia
Existencias
Withdrawn status Lost status Source of classification or shelving scheme Damaged status Not for loan Collection code Home library Current library Shelving location Date acquired Source of acquisition Inventory number Total Checkouts Full call number Barcode Date last seen Date last checked out Price effective from Koha item type Total Renewals
    Dewey Decimal Classification     General Biblioteca Karol Wojtyla Biblioteca Karol Wojtyla Sala general 03/12/2013 Compra 151000000000000000048731 2 349.72 PER 2010 80268 05/01/2026 29/02/2020 11/11/2014 Libro  
    Dewey Decimal Classification     General Biblioteca Karol Wojtyla Biblioteca Karol Wojtyla Sala general 03/12/2013 Compra 151000000000000000048732 3 349.72 PER 2010 80269 05/01/2026 08/02/2020 11/11/2014 Libro 1
    Dewey Decimal Classification     General Biblioteca Karol Wojtyla Biblioteca Karol Wojtyla Sala general 11/11/2014 Compra 151000000000000000048733 2 349.72 PER 2013 93235 05/01/2026 25/01/2020 19/02/2015 Libro 1
    Dewey Decimal Classification   Consulta en sala General Tehuacán Tehuacán Sala general 22/03/2017 Compra     349.72 PER 2016 510547 08/01/2025   22/03/2017 Reserva permanente